|
|
|
|
| LEADER |
01190nam a2200361 4500 |
| 001 |
DLU090091733 |
| 005 |
##20091201 |
| 040 |
# |
# |
|a DLU
|b eng
|
| 041 |
# |
# |
|a eng
|
| 044 |
# |
# |
|a us
|
| 245 |
# |
# |
|a Prevalence of the rhizobium etli-like allele in genes coding for 16S rRNA among the indigenous rhizobial populations found associated with wild beans from the Southern Andes in Argentina /
|c O. Mario Aguilar ... [et al.].
|
| 653 |
# |
# |
|a Genes
|
| 653 |
# |
# |
|a Grain legume
|
| 653 |
# |
# |
|a Phaseolus vulgaris
|
| 653 |
# |
# |
|a Rhizobium
|
| 700 |
# |
# |
|a Aguilar, O. Mario.
|
| 700 |
# |
# |
|a Favelukes, Gabriel.
|
| 700 |
# |
# |
|a Gonzalez, Ramon A.
|
| 700 |
# |
# |
|a Grasso, Daniel H.
|
| 700 |
# |
# |
|a Lopez, Maria Veronica.
|
| 700 |
# |
# |
|a Pagano, Marcela.
|
| 700 |
# |
# |
|a Puhler, Alfred.
|
| 700 |
# |
# |
|a Riccillo, Pablo M.
|
| 773 |
# |
# |
|t Applied and Environmental Microbiology
|g Vol. 64, no. 9 (September 1998), p. 3520-3524
|
| 920 |
# |
# |
|a Phòng Tạp chí -- Trung tâm Thông tin - Thư viện Trường Đại học Đà Lạt
|
| 994 |
# |
# |
|a DLU
|
| 900 |
# |
# |
|a True
|
| 911 |
# |
# |
|a Trương Bảo Trâm Anh
|
| 925 |
# |
# |
|a G
|
| 926 |
# |
# |
|a A
|
| 927 |
# |
# |
|a BB
|
| 980 |
# |
# |
|a Thư viện Trường Đại học Đà Lạt
|